000 01245nam a2200325Ia 4500
001 Z_4382
003 CHAP
008 220113s2016 xx 000 0 und d
010 _a167452
020 _a978-607-12-0148-5 (colección Tlatemoa) \ 978-607-12-0420-2 (número 13)
040 _cCHAP
082 _a305.5633972 F84
100 _aFuente Hernández, Juan de la
_943805
245 _aContra viento y marea : la pertinaz historia del movimiento campesino y las izquierdas /
_cJuan de la Fuente Hernández
250 _a2a ed.
260 _aMéxico :
_bUniversidad Autonoma de Chapingo. Departamento de Enseñanza, Investigación y Servicio en Sociología Rural,
_c2016
300 _a335 p.
440 _aTlatemoa ; 13
_9141658
503 _aej.1: donación noviembre 2016
650 _aAgricultura y Estado
_x
_x México
_x
_x Historia
_x
_x Siglo XX
_9141659
650 _aCampesinado
_xActividad política
_x
_x México
_x
_x Historia
_x
_x Siglo XX
_9141660
650 _aInsurrecciones de campesinos
_x
_x México
_x
_x Historia
_x
_x Siglo XX
_9141661
650 _aOrganización de la comunidad
_x
_x México
_9141662
901 _a305.5633972 F84
902 _aM
910 _a2016
942 _c1
942 _cc1
999 _c167452
_d167452